| 000 | 00428 a2200109 4500 | ||
|---|---|---|---|
| 100 | 1 |
_aVignes, Jean. _eAutor |
|
| 700 | 1 |
_aCourty-Lajeunesse, Claude. _eAutor |
|
| 700 | 1 |
_aDebost-Bentz, Claude. _eAutor |
|
| 245 | 0 |
_aTheorie et praktique de la programmation COBOL / _cVignes Jean, Courty-Lajeunesse Claude, Debost-Bentz Claude. |
|
| 710 | 2 |
_aEditions Technip. _eWydawca _4pbl |
|
| 260 |
_aParis : _bEditions Technip, _c1972. |
||
| 300 |
_aXIX, 393 s.; _c25 cm. |
||
| 999 |
_c13196 _d13196 |
||